000 00659nam a2200217Ia 4500
005 20250508164504.0
008 008 250505s9999 xx 000 0 eng d
020 _a1-874166-08-0
037 _aTextual
040 _aFEDL
_beng
_cFEDL
041 _aeng
_2eng
084 _a320.954, KOT
_qFEDL
100 _aKothari Rajni
245 0 _aPolitics and the people in search of a humane India. 2 Vol
260 _aDelhi, India
_bAjanta Publications
_c1989
300 _a535p.
546 _aMACESE; Vol. 1. Rs. 250/- and Vol. 2. Rs. 200/-
650 _aPolitics - India
_9778280
942 _cTEXL
_h320.954, KOT
999 _c1389380
_d1389380